|
|
|
|
| LEADER |
00000nam a2200000 a 4500 |
| 001 |
vtls001291921 |
| 003 |
SK-MaSNL |
| 005 |
20260302032728.0 |
| 008 |
250312s1969 xo g 000 0 slo |
| 035 |
|
|
|a SNK000243611
|
| 035 |
|
|
|a urn:nbn:sk:snk-amlqvk
|
| 035 |
|
|
|a urn:nbn:sk:snk-am00c2tx
|
| 035 |
|
|
|a F9FB9511-4AC4-4786-BEF4-F258F31D859C
|
| 040 |
|
|
|a SNK
|b slo
|c SNK
|e AACR2
|
| 041 |
1 |
|
|a slo
|h rus
|
| 044 |
|
|
|a xo
|c SK
|
| 072 |
|
7 |
|a 821.161.1
|x Ruská literatúra
|2 konspekt
|
| 080 |
|
|
|a 821.161.1-31=162.4
|2 2001
|
| 080 |
|
|
|a 94(100)"1939/1945"
|2 2011
|
| 080 |
|
|
|a (0:82-96)
|2 2011
|
| 100 |
1 |
|
|a Bezymenskij, Lev Aleksandrovič,
|d 1920-2007
|4 aut
|9 206152
|
| 240 |
1 |
0 |
|a Po sledam Martina Bormana
|l Slovensky
|
| 245 |
1 |
0 |
|a Po stopách Martina Bormanna
|c Lev Bezymenskij ; [z ruského originálu preložil Ladislav Slabey]
|
| 250 |
|
|
|a 1. vyd.
|
| 260 |
|
|
|a Bratislava
|b Epocha
|c 1969
|
| 300 |
|
|
|a 130 s.
|c 21 cm
|
| 490 |
1 |
|
|a Členská knižnica Svoboda a Epocha
|
| 504 |
|
|
|a Bibliogr. odkazy
|
| 600 |
1 |
7 |
|a Bormann, Martin,
|d 1900-1945
|2 SNKMA
|9 183425
|
| 650 |
0 |
7 |
|a vojnoví zločinci
|2 SNKPH
|9 4461
|
| 650 |
0 |
7 |
|a druhá svetová vojna (1939-1945)
|2 SNKPH
|9 169657
|
| 650 |
0 |
7 |
|a War criminals
|2 SNKPHeng
|9 325788
|
| 650 |
0 |
7 |
|a World War (1939-1945)
|2 SNKPHeng
|9 284172
|
| 655 |
|
7 |
|a literatúra faktu
|2 SNKPH
|9 70526
|
| 655 |
|
7 |
|a Non fiction
|2 SNKPHeng
|9 284535
|
| 700 |
1 |
|
|a Slabey, Ladislav
|4 trl
|9 308232
|
| 830 |
|
0 |
|a Členská knižnica Svoboda a Epocha
|9 682071
|
| 852 |
|
|
|a Slovenská národná knižnica
|
| 958 |
|
|
|a OP
|
| 958 |
|
|
|a SP
|
| 958 |
|
|
|a NB
|
| 958 |
|
|
|a OND
|
| 999 |
|
|
|c 1058077
|d 1060007
|
| 952 |
|
|
|t P60, <04>, [BOOK], {604}
|a SNK
|b SNK
|y VYP
|7 0
|o snkSD 34498 D1
|i snkKSP 1947/69
|0 0
|1 0
|4 0
|d 1997-06-24
|l 0
|r 2005-01-02 00:00:00
|w 2026-02-24
|
| 952 |
|
|
|a SNK
|b SNK
|y PREZ
|7 0
|p 17A0863425
|o snkSD 34498
|i snkKSP 1946/69
|0 0
|1 0
|4 0
|d 2013-08-09
|f 1
|l 0
|r 2026-02-24 15:17:41
|w 2026-02-24
|